[Event "London CC-ch B"]
[Site "London"]
[Date "2009.05.21"]
[Round "10"]
[White "Augustine, Steve"]
[Black "Quan, Franco"]
[Result "0-1"]
[WhiteElo "1163"]
[BlackElo "1202"]
[PlyCount "58"]
[EventDate "2009.03.19"]
[EventType "swiss"]
[EventRounds "13"]
[EventCountry "CAN"]
[SourceTitle "EXT 2022"]
[Source "ChessBase"]
[SourceDate "2021.10.06"]
[SourceVersion "1"]
[SourceVersionDate "2021.10.06"]
[SourceQuality "1"]

1. e4 e5 2. Nc3 Nf6 3. Nf3 Nc6 4. d3 Bc5 5. Qe2 0-0 6. Be3 Bxe3 7. Qxe3 d5 8. exd5 Nxd5 9. Qc5 Nxc3 10. Qxc3 Bf5 11. Nxe5 Nxe5 12. Qxe5 Re8 13. d4 Qxd4 14. Be2 Rxe5 15. Rd1 Qb6 16. b3 Qb4+ 17. Rd2 Rd8 18. 0-0 Qxd2 19. Bc4 Qg5 20. Bd3 Rxd3 21. cxd3 Bxd3 22. Rd1 Be4 23. g3 Rd5 24. Re1 Qg4 25. Rf1 Rd1 26. f3 Rxf1+ 27. Kg2 Qxf3+ 28. Kh3 g5 29. a4 Bf5# 0-1